Представление документа в формате MARC21

Поле Инд. ПП Название Значение
Тип записи a
Библиографический уровень m
001 Контрольный номер UNIDUBNA4bbcdfbc753c4a5c86b27306d87070d3
005 Дата корректировки 20251205105633.1
020 a ISBN 0-451-09003-9
040 b Код языка каталог. rus
041 0_ a Код языка текста eng
084 a Индекс другой классификации/Индекс ББК 84(4Вел)6-44
090 a Полочн. индекс 84(4Вел)6-44
x Авторский знак F 83
100 1_ a Автор Fowles J.
q Полное имя Fowles John
u Дополнение к имени Фаулз Джон
245 10 a Заглавие The French Lieutenant's Woman
b Продолж. заглавия роман
246 01 a Другая форма заглавия Женщина французского лейтенанта
246 01 a Другая форма заглавия Любовница французского лейтенанта
246 01 a Другая форма заглавия Подруга французского лейтенанта
260 a Место издания New York
b Издательство A Signet Book
c Дата издания 1970
300 a Объем 368 p.
336 a Термин вида содержания Текст
337 a Термин типа средства непосредственный
520 0_ a Аннотация Каждый день Сара приходит на пирс и подолгу стоит там, глядя на бушующее море, в надежде увидеть бросившего её французского офицера. Чопорная Англия викторианской поры не прощает таких похождений, и все чураются «женщины французского лейтенанта». Однако Чарльз не может противиться притягательной силе этой женщины и бросает ради неё свою невесту. Герои романа мечутся между чувством долга, требованиями морали и пылкой страстью, пока не наступает апофеоз любви. А что же дальше? Автор не хочет быть моралистом и не даёт однозначного ответа на этот вопрос, предлагая читателю на выбор три варианта дальнейшей судьбы героев.
650 04 a Основная рубрика художественная литература
653 0_ a Ключевые слова XX век
a Ключевые слова английская литература
a Ключевые слова Великобритания
655 a Жанр/ форма (устаревшее) проза
a Жанр/ форма (устаревшее) роман
787 18 w Контрольный номер связываемой записи RU/IS/BASE/132946427
787 18 w Контрольный номер связываемой записи RU/IS/BASE/403186785
w Контрольный номер связываемой записи RU/IS/BASE/264548807
900 a Имя электронного ресурса obl_Fowles_The_French
x Справочная информация Обложка
901 t Тип документа m
952 a Тип литературы для КСУ ВШ ЛХИ